000 00251nam a22001217a 4500
008 180109b xxu||||| |||| 00| 0 eng d
041 _aeng
080 _a82
100 _a21
101 _aGJU
245 _aQUOTATIONNARY
_cFRANK.L.R
942 _2udc
_cBK
999 _c39940
_d39940